000 00452nam a2200169 i 4500
001 83699
003 ES-MaACL
005 20230906174858.0
007 t|
008 041118s1967 sp ||||1| cat d
100 1 _aJardí, Enric.
_966109
245 1 0 _aEugeni D'Ors
_b: vida i obra /
_cEnric Jardí.
250 _a[1ª ed.].
260 _aBarcelona :
_bAymá,
_c[1967]
300 _a382 p., 1 lám. ;
_c19 cm.
852 _aES-MaACL
_jG-15955
_bR.62205
999 _c83699
_d83699